Компьютерное моделирование новых кератоскопов; Медицинская техника; № 4

Dades bibliogràfiques
Parent link:Медицинская техника=Biomedical Engineering: научно-технический журнал.— , 1976-.— 0025-8075
№ 4.— 2003.— С. 16-18
Autor principal: Хижий С. В.
Altres autors: Малинская М. В.
Idioma:rus
Publicat: 2003
Col·lecció:Исследования, конструирование и технология
Matèries:
Format: MixedMaterials Capítol de llibre
KOHA link:https://koha.lib.tpu.ru/cgi-bin/koha/opac-detail.pl?biblionumber=391537

MARC

LEADER 00000naa2a2200000 4500
001 391537
005 20231101064109.0
035 |a (RuTPU)RU\TPU\prd\25847 
090 |a 391537 
100 |a 20040428a2003 k y0rusy50 ca 
101 0 |a rus 
102 |a RU 
200 1 |a Компьютерное моделирование новых кератоскопов  |f С. В. Хижий, М. В. Малинская 
225 1 |a Исследования, конструирование и технология 
320 |a Библиогр.: 5 назв. 
461 1 |0 (RuTPU)RU\TPU\prd\1623  |x 0025-8075  |t Медицинская техника  |l Biomedical Engineering  |o научно-технический журнал  |d 1976- 
463 1 |0 (RuTPU)RU\TPU\prd\16981  |t № 4  |v С. 16-18  |d 2003 
610 1 |a компьютерное моделировние 
610 1 |a кератоскопы 
610 1 |a оптическая система 
610 1 |a офтальмологические приборы 
610 1 |a роговицы глаз 
610 1 |a исследование 
610 1 |a операции 
610 1 |a применение 
675 |a 615.471.03:617.7].001.573:681.31  |v 3 
700 1 |a Хижий  |b С. В. 
701 1 |a Малинская  |b М. В. 
801 1 |a RU  |b 63413507  |c 20040428  |g PSBO 
801 2 |a RU  |b 63413507  |c 20120914  |g RCR 
942 |c BK